| 000 | 00624nam a2200241Ia 4500 | ||
|---|---|---|---|
| 008 | 160404s9999 xx 000 0 und d | ||
| 020 | _a971-08-4611-6 | ||
| 050 | _aFIL HD 57.7 | ||
| 050 | _b.L48 1990 | ||
| 100 | _aLeveriza, Jose P. | ||
| 245 | _aSupervisory leadership / | ||
| 245 | _cJose P. Leveriza. | ||
| 260 | _aManila: | ||
| 260 | _bNational Book Store. Inc., | ||
| 260 | _c1990 | ||
| 300 | _a160 pages : | ||
| 300 | _billustrations ; | ||
| 300 | _c22 cm. | ||
| 500 | _aIncludes bibliographical references and index. | ||
| 650 | _aLeadership. | ||
| 650 | _aSupervisors. | ||
| 650 | _xSupervisors. | ||
| 999 |
_c293293 _d293293 |
||